000 00456nam a2200145 a 4500
001 000031956
005 20200930063318.0
008 110707s1994 dr 000 0 spa d
040 _aDO-SdBNP
_bspa
_cBNPHU
110 2 _aSecretaría de Estado de Deportes, Educación Física y Recreación
_936895
245 1 0 _aCampaña para la salud :
_bandar y correr /.
260 _a[Santo Domingo] :
_bSEDEFIR,
_c1994.
300 _a7 p. :
_bil. ;
_c1994.
049 _aBNPD
999 _c31447
_d31447